| 000 | 01155nam a22002057a 4500 | ||
|---|---|---|---|
| 999 |
_c62728 _d62728 |
||
| 003 | Ge_BSU | ||
| 005 | 20250131172855.0 | ||
| 008 | 250131s2014 ge ||||| |||| 00| 0 geo d | ||
| 020 | _a15124991 | ||
| 041 | _ageo | ||
| 080 | _a378(063)+94(479.23) ბ-17 | ||
| 245 |
_aბათუმის შოთა რუსთაველის სახელმწიფო უნივერსიტეტი : ნიკო ბერძენიშვილის ინსტიტუტის შრომები X / _cრედ. ბ. დიასამიძე, ო. თურმანიძე, ნ. ინაიშვილი, თ. ლომთათიძე, ნ. კახიძე. |
||
| 264 |
_aბათუმი : _bბათუმის შოთა რუსთაველის სახელმწიფო უნივერსიტეტი, _c2014. |
||
| 300 |
_a272 გვ. ; _b 27 სმ |
||
| 500 | _aპარალ. სათ. ინგლ. და რუს ენ. | ||
| 653 | _a არქეოლოგია | ||
| 653 | _aეთნოლოგია | ||
| 653 | _aისტორია | ||
| 942 |
_2udc _cᲬᲘᲒᲜᲘ |
||